000 00918nam a22002657a 4500
005 20111115122642.0
008 111115t xxu||||| |||| 00| 0 eng d
010 _aENG-104108
020 _a9780071321075
_c550.00
020 _a0071321071
_c550.00
035 _aEN-87641
037 _bDBAD/PUB
040 _aDPL
_bEng
082 _a658
100 _aDwyer, Judith
_935823
245 _aManagement strategies and skills /
_cby Judith Dwyer [and] Nicole Hopwood
260 _aNew Delhi
_bTata McGraw Hill
_c2011
270 _a7 West Patel Nagar
_bNew Delhi
_e110008
300 _axiv,658p.
_c26cm (pbk)
500 _aIncludes bibliographical references and index
650 _aManagement
_935824
700 _aHopewood, Nicole
_935825
942 _2ddc
_cEN
_h658
_mDWY
999 _c58378
_d58378